000 00283nam a22001217a 4500
082 _a343,PAH
100 _aPAHWA,S.P.
245 _aAPPEALS BEFORE TEX AUTHORITIES
260 _aNEW DELHI
_bPUSHPA PUBLICATIONS
_c1984
300 _a536
490 _aTEX AUTHORITIES
942 _2ddc
_cBK
999 _c10299
_d10299